Normal view MARC view

Entry Personal Name

Number of records used in: 2

001 - CONTROL NUMBER

  • control field: 69545

003 - CONTROL NUMBER IDENTIFIER

  • control field: dpl

005 - DATE AND TIME OF LATEST TRANSACTION

  • control field: 20240806120754.0

008 - FIXED-LENGTH DATA ELEMENTS

  • fixed length control field: 240806|| aca||aabn | a|a d

040 ## - CATALOGING SOURCE

  • Original cataloging agency: dpl
  • Transcribing agency: dpl

100 ## - HEADING--PERSONAL NAME

  • Personal name: गौतम सिंह

670 ## - SOURCE DATA FOUND

  • Source citation: Work cat.: (dpl)204863: गौतम सिंह, कुछ ओस की बूंदें/, 2021

© Delhi Public Library
Hit Counter
free hit counter